000 00558nam a2200193Ia 4500
005 20250603144803.0
008 250603s9999 xx 000 0 und d
020 _a9781138120778
050 _aRG 852 .K46/
100 _aKendall-Tackett, Kathleen A.
245 0 _aDepression in new mothers : causes, consequences, and treatment alternatives
250 _a3ed.
260 _aLondon ; New York
260 _bRoutledge, Taylor & Francis Group
260 _c2024
300 _axiv, 286p. :ill. ; 26cm.
650 _aLondon ; New York
942 _cBK
999 _c39947
_d39947